Responses for show #3562 - Tuesday, February 15, 2000

2000-A College Championship semifinal game 2.

Contestants

Molley Jesse, a senior at the University of Virginia from Columbia, South Carolina

Michael LaMasse, a sophomore at Eastern Michigan from Canton, Michigan

Janet Wong, a senior at Drew University from Eatontown, New Jersey

Jeopardy! Round responses

PLAYS & PLAYWRIGHTS
COMPUTER CLASSES
TRICKY QUESTIONS
CASPIAN, THE FRIENDLY SEA
COLLEGE TEAM NICKNAMES
"MED" SCHOOL
    $100 1
Monopoly

Molley
    $100 5
Postmaster

Molley
    $100 6
(Molley: What is a dozen?)
...
(Alex: "Dozen" was already given in the clue.)

12

JanetMolley
    $100 20
Oil

Molley
    $100 13
Bruins

Molley
    $100 15
Medley

Janet
    $200 2
"Lolita"

Michael
    $200 7
System administrator

Janet
    $200 23
(Michael: What is 3 cubic feet?)
(Molley: What is 1 cubic foot?)
(Janet: What is 9 cubic feet?)
(Alex: There is no earth in a hole! [Glares at the camera])

0

JanetMichaelMolley
Triple Stumper
    $200 12
Grapes

Triple Stumper
    $200 14
Texas

Janet
    $200 16
Meditation

Janet
    $300 4
Stanford

Triple Stumper
    $300 3
Guru

Janet
    $300 28
(J: What is president pro-tem of the Senate?)

The (current) president

JanetMolley
    $300 25
(we have less than a minute to go...)

Sturgeon

Triple Stumper
    $300 21
Quakers

Michael
    $300 17
Medusa

Janet
    $400 10
Neil Simon

Michael
    $400 8
404

Janet
    $400 29
5

Michael
    $400 24
Volga

Michael
    $400 22
Terrapins

Michael
    $400 18
Medina

Michael
    $600 11
Vaclav Havel

Michael
    $500 9
Lurking

Triple Stumper
    $500 30
(Molley: What is none?)

father

MichaelMolley
    $500 27
Mussels

Janet
    $500 26
(Molley, the Virginia student, answering with disdain!)
(Alex: They didn't lose until the postseason.)

Virginia Tech

Molley
    $500 19
Medulla

Janet

Scores at the first commercial break (after clue 14):

Janet Michael Molley
$1,200 $1,200 $200

Scores at the end of the Jeopardy! Round:

Janet Michael Molley
$2,300 $3,400 $400

Double Jeopardy! Round responses

THE MIDDLE AGES
TV LAW
FICTIONAL CHARACTERS
THOSE AMAZING MAMMALS
OOH, A WISE GUY
PRE-MED
(Alex: All about courses you might take if you were in pre-med.)
    $200 1
Geoffrey Chaucer

Molley
    $200 8
Law & Order

Molley
    $200 3
Hans Brinker

Michael
    $200 28
Elephant

Michael
    $200 6
Pythagoras

Janet
    $200 5
Claw

Molley
    $400 2
Saint Francis

Michael
    $400 9
Ally McBeal

Janet
    $400 4
Zooey

Janet
    $400 29
Thumb

Molley
    $400 15
Cave

Michael
    $400 7
(Molley: To infinity/forever.)
(Alex: In the Double Jeopardy round, you must phrase your response in the form of a question, so we have to rule against you.)

Infinity/forever

Molley
Triple Stumper
    $600 20
China

Michael
    $600 10
Judging Amy

Janet
    $600 13
Nemo

Molley
    $600 30
Prairie dogs

Michael
    $4,000 16
Francis Bacon

Michael
    $600 25
Organic chemistry

Janet
    $800 19
Charlemagne

Janet
    $800 11
Family Law

Janet
    $800 14
"The Idiot"

Michael
    $100 27
(Michael: What is a black bear?)
(Alex: That would be some bear, 28 feet long!)

Blue whale

Michael
    $800 21
Soren Kierkegaard

Michael
    $800 24
(a minute to go...)

Tatami

Janet
    $1000 18
"The Black Prince"

Michael
    $1000 12
Jerry Sheindlin

Michael
    $1000 17
Clytemnestra

Michael
    $1000 22
Lemming

Janet
    $1000 26
John Locke

Michael
    $1000 23
Thermodynamics

Janet

Scores at the end of the Double Jeopardy! Round:

Janet Michael Molley
$8,900 $15,300 $1,600

[wagering suggestions for these scores]

Final Jeopardy! Round responses

U.S. PRESIDENTS
MolleyWho are Reagan and W H Harris
$1,600
JanetWho are Reagan & Clinton?
$8,894
MichaelWho were Nixon and Reagan
$2,501
Ronald Reagan (California) & Bill Clinton (Arkansas)

Final scores:

Janet Michael Molley
$17,794 $12,799 $0
Finalist 2nd place: $5,000 3rd place: $5,000

Game dynamics:

Coryat scores:

Janet Michael Molley
$8,900 $11,900 $1,600
20 R,
2 W
22 R
(including 2 DDs),
2 W
(including 1 DD)
11 R,
4 W

Combined Coryat: $22,400

The J! Archive is created by fans, for fans. The Jeopardy! game show and all elements thereof, including but not limited to copyright and trademark thereto, are the property of Jeopardy Productions, Inc. and are protected under law. This website is not affiliated with, sponsored by, or operated by Jeopardy Productions, Inc. Join the discussion at JBoard.tv.